00619 2200205 4500001002100000005001700021008004100038020002200079035002500101040001200126082000800138084001400146100001900160245008400179260003100263300003800294500003100332650003800363850001200401INLIS00000000001562120151105121018.0  a978-602-1642-18-4 a0010-111500000000234 aYOPDYOG a351 a351 Moc P aMOCH. SOLEKHAN aPenyelenggaraan Pemerintahan desa berbasis partisipasi masyarakat/Moch.Solekhan aMalangbSetara Pressc2014 axviii, 176 hlm.c; 21 cm [3 eks.] aBibliografi : hlm. 169-174 aPemerintah desa-Adsminitrasi desa aYOPDYOG